000 00351nam a2200157Ia 4500
003 0STCL
008 150530s9999 xx 000 0 und d
040 _aSTCL
_cSTCL
100 _aCheriyan, C.V
245 _aHistory of christianity in kerala
260 _c1950
546 _aEnglish
942 _2ddc
_cBK
999 _c5292
_d5292
005 20220125165410.0